000 01070cam a2200325 a 4500
001 198943
003 OSt
005 20240524113550.0
008 981210s1997 tz ab b 000 0 eng
010 _a 98982626
020 _a0797417591
040 _aDLC
_cDLC
_dDLC
042 _alcode
043 _af-tz---
050 0 0 _aHQ1798.5
_b.M85 1997
082 0 0 _a305.4 MUK 1997
_221
100 1 _aMukangara, Fenella; Koda, Bertha.
_96885
245 1 0 _aWomen in Tanzania
260 _aDar es Salaam;
_bSARDC
_c1997.
300 _a92 p. :
_bill. (some col.), col. maps ;
_c26 cm.
440 0 _aBeyond inequalities
_96942
500 _a"Forthcoming in Swahili"--T.p. verso.
500 _a"A profile of women in Tanzania"--P. facing t.p. verso.
504 _aIncludes bibliographical references (p. 81-86).
650 0 _aWomen
_96943
650 0 _aGender studies
_96944
906 _a7
_bcbc
_corigode
_d3
_encip
_f19
_gy-gencatlg
942 _2ddc
_cSLOAN
999 _c3126
_d3126